Water tight (Record no. 68204)
[ view plain ]
| 000 -LEADER | |
|---|---|
| fixed length control field | 01005cam a2200229 4500 |
| 001 - CONTROL NUMBER | |
| control field | ABS64374 |
| 008 - FIXED-LENGTH DATA ELEMENTS--GENERAL INFORMATION | |
| fixed length control field | 010910n2001 000 0 eng u |
| 035 ## - SYSTEM CONTROL NUMBER | |
| System control number | (Sirsi) u114485 |
| 100 ## - MAIN ENTRY--PERSONAL NAME | |
| Personal name | Jenkins, S |
| 245 ## - TITLE STATEMENT | |
| Title | Water tight |
| 260 ## - PUBLICATION, DISTRIBUTION, ETC. | |
| Date of publication, distribution, etc. | 2001 |
| 490 ## - SERIES STATEMENT | |
| Series statement | Surveyor |
| Volume/sequential designation | 188(5646) 30 August 2001, 20-21(2) |
| 520 ## - SUMMARY, ETC. | |
| Summary, etc. | Assesses the flood risk from inadequate surface water drainage systems. The problem is that traditional point and gully rely on an incline to channel water away and becomes even less effective when gullies become blocked leading to ponding; a potential hazard to cyclists, motorists and pedestrians and leading to greater risk of flooding to homes and shops. Looks at Kirklees Borough Council's solution that uses the kerb as a drainage inlet. |
| 590 ## - LOCAL NOTE (RLIN) | |
| Local note | ABS |
| 650 ## - SUBJECT ADDED ENTRY--TOPICAL TERM | |
| Topical term or geographic name entry element | DRAINAGE |
| 650 ## - SUBJECT ADDED ENTRY--TOPICAL TERM | |
| Topical term or geographic name entry element | FLOODING |
| 650 ## - SUBJECT ADDED ENTRY--TOPICAL TERM | |
| Topical term or geographic name entry element | FLOOD PREVENTION |
| 650 ## - SUBJECT ADDED ENTRY--TOPICAL TERM | |
| Topical term or geographic name entry element | ROAD DESIGN |
| 650 ## - SUBJECT ADDED ENTRY--TOPICAL TERM | |
| Topical term or geographic name entry element | KERBS |
| 690 ## - LOCAL SUBJECT ADDED ENTRY--TOPICAL TERM (OCLC, RLIN) | |
| Topical term or geographic name as entry element | ENVIRONMENTAL AND LAND CONSULTANCY-ENVIRONMENTAL MANAGEMENT |
| 942 ## - ADDED ENTRY ELEMENTS (KOHA) | |
| Suppress in OPAC | 0 |
| Withdrawn status | Lost status | Source of classification or shelving scheme | Damaged status | Not for loan | Home library | Current library | Shelving location | Date acquired | Total Checkouts | Full call number | Barcode | Date last seen | Copy number | Price effective from | Koha item type |
|---|---|---|---|---|---|---|---|---|---|---|---|---|---|---|---|
| Dewey Decimal Classification | London | London | Journal article | 10/09/2001 | ABS64374 | 114485-1001 | 06/08/2019 | 1 | 06/08/2019 | Journal article |